| 000 | 00631nam a2200193 i 4500 | ||
|---|---|---|---|
| 001 | bgj | ||
| 100 | 1 | _aASH, Timothy Garton. | |
| 245 | 1 | 0 |
_aEin Jahrhundert wird abgewählt : _bAus den Zentren Mitteleuropas 1980-1990 / _cTimothy Garton Ash ; Aus dem Englischen von Yvonne Badal. |
| 260 |
_aMünchen : _bDeutscher Taschenbuch Verlag, _c1992. |
||
| 300 |
_a420, [1] S. ; _c20 cm. |
||
| 651 | 9 |
_aMitteleuropa _xGeschichte, 1980-1990 _y1980-1990 |
|
| 700 | 1 | _aBADAL, Yvonne. | |
| 020 | _a342330328X | ||
| 040 | _cBPK | ||
| 041 | 0 |
_ager _heng |
|
| 920 | _a3-423-30328-X | ||
| 942 | _cKS | ||
| 008 | s gw f |000 0 ger | ||
| 999 |
_c50665 _d50665 |
||
| 856 |
_uhttp://koha.tu.koszalin.pl/cgi-bin/koha/opac-detail.pl?biblionumber=50665 _yKatalog online BPK |
||